Controlling the Cinderella pollutant (Record no. 63835)

MARC details
000 -LEADER
fixed length control field 00864cam a2200193 4500
001 - CONTROL NUMBER
control field ABS62475
008 - FIXED-LENGTH DATA ELEMENTS--GENERAL INFORMATION
fixed length control field 000000n2000 000 0 eng u
035 ## - SYSTEM CONTROL NUMBER
System control number (Sirsi) u106609
100 ## - MAIN ENTRY--PERSONAL NAME
Personal name Williamson, T.
245 ## - TITLE STATEMENT
Title Controlling the Cinderella pollutant
260 ## - PUBLICATION, DISTRIBUTION, ETC.
Date of publication, distribution, etc. 2000
490 ## - SERIES STATEMENT
Series statement Environment Information Bulletin
Volume/sequential designation (100) June 2000, 13-16(4)
520 ## - SUMMARY, ETC.
Summary, etc. Reviews existing noise legislation and government guidance in the UK, including planning controls; and sets out practical approaches to controlling noise, and considers future legislative developments, especially that coming in the form of EU directives and the implementation of the Pollution Prevention and Control Act 1999 which came into force in July 2000.
590 ## - LOCAL NOTE (RLIN)
Local note ABS
650 ## - SUBJECT ADDED ENTRY--TOPICAL TERM
Topical term or geographic name entry element NOISE POLLUTION
650 ## - SUBJECT ADDED ENTRY--TOPICAL TERM
Topical term or geographic name entry element NOISE CONTROL
690 ## - LOCAL SUBJECT ADDED ENTRY--TOPICAL TERM (OCLC, RLIN)
Topical term or geographic name as entry element ENVIRONMENT-CONTAMINATION
942 ## - ADDED ENTRY ELEMENTS (KOHA)
Suppress in OPAC 0
Holdings
Withdrawn status Lost status Source of classification or shelving scheme Damaged status Not for loan Home library Current library Shelving location Date acquired Total Checkouts Full call number Barcode Date last seen Copy number Price effective from Koha item type
    Dewey Decimal Classification     London London Journal article 20/06/2000   ABS62475 106609-1001 06/08/2019 1 06/08/2019 Journal article